000 00377nam a22001217a 4500
082 _a200 THE
100 _a Muazzam Shahzad
_969646
245 _aTH-SOF-1716-Implementation of Mo soft core in FPGA.
260 _aISLAMABAD
_b NUST COLLEGE OF EME
_c2019
650 _aMS-COMPUTER ENGINEERING-85 MSTHESIS
_969445
700 _aSupervisor Dr. Farhan Hussain
_969647
942 _cCF
999 _c576846
_d576846